书目信息 |
| 题名: |
最新实用中国交通图册
|
|
| 作者: | ;湖南地图出版社 编 | |
| 分册: | ||
| 出版信息: | 长沙 湖南地图出版社 2006.01 |
|
| 页数: | 155页 | |
| 开本: | 21cm | |
| 丛书名: | ||
| 单 册: | ||
| 中图分类: | F512.99 | |
| 科图分类: | ||
| 主题词: | 交通图--jiao tong tu--中国 | |
| 电子资源: | ||
| ISBN: | 7-80552-267-7 | |
| 000 | 00803nam0 2200217 450 | |
| 001 | 012006679120 | |
| 005 | 20060914102731.92 | |
| 010 | @a7-80552-267-7@dCNY15.00 | |
| 100 | @a20060716d2006 km y0chiy0120 ea | |
| 101 | 0 | @achi |
| 102 | @aCN@b430000 | |
| 105 | @aab z 000yy | |
| 200 | 1 | @a最新实用中国交通图册@Azui xin shi yong zhong guo jiao tong tu ce@f湖南地图出版社编@Fhu nan di tu chu ban she bian |
| 210 | @a长沙@c湖南地图出版社@d2006.01 | |
| 215 | @a155页@c图, 地图@d21cm | |
| 330 | @a本交通图册包括各省、自治区、直辖市、特别行政区图、中国铁路交通,中国民用航空线,中国内河航运,道路交通标志图等内容。 | |
| 606 | 0 | @a交通图@Ajiao tong tu@y中国 |
| 690 | @aF512.99@v4 | |
| 711 | 02 | @a湖南地图出版社@Ahu nan di tu chu ban she@4编 |
| 801 | 0 | @aCN@bQSSK@c20060914 |
| 905 | @a10447@dF512.99@eH586 | |
| 最新实用中国交通图册/湖南地图出版社编.-长沙:湖南地图出版社,2006.01 |
| 155页:图, 地图;21cm |
| ISBN 7-80552-267-7:CNY15.00 |
| 本交通图册包括各省、自治区、直辖市、特别行政区图、中国铁路交通,中国民用航空线,中国内河航运,道路交通标志图等内容。 |
| ● |
| 相关链接 |
|
|
|
正题名:最新实用中国交通图册
索取号:F512.99/H586
 
预约/预借
| 序号 | 登录号 | 条形码 | 馆藏地/架位号 | 状态 | 备注 |
| 1 | 596201 | 205962010 | 社科库409/409社科库 37排7列2层/ [索取号:F512.99/H586] | 在馆 | |
| 2 | 596202 | 205962029 | 社科库409/409社科库 37排7列2层/ [索取号:F512.99/H586] | 在馆 | |
| 3 | 596203 | 205962038 | 社科二线422/409社科库 37排7列2层/ [索取号:F512.99/H586] | 在馆 |